| 000 | 00000nam##2200000za#4500 |
| 001 | 9.640172 |
| 003 | CaOODSP |
| 005 | 20210624222537 |
| 007 | cr ||||||||||| |
| 008 | 150407|2010||||xxc|||||o f|0| 0 fre|d |
| 040 | |aCaOODSP|bfre |
| 043 | |an-cn--- |
| 086 | 1 |aET3-6/2010F-PDF |
| 110 | 1 |aCanada. |bCommissariat aux conflits d'intérêts et à l'éthique. |
| 245 | 13|aLe rapport Dykstra en vertu de la Loi sur les conflits d'intérêts et conformément au Code régissant les conflits d'intérêts des députés / |h[ressource électronique]|cMary Dawson, Commissaire aux conflits d'intérêts et à l'éthique. |
| 260 | |aOttawa - Ontario : |bCommissariat aux conflits d'intérêts et à l'éthique |cSeptembre 2010. |
| 300 | |a47p. |
| 590 | |a12-13-Supp|b2012-04-03 |
| 775 | 08|tThe Dykstra report made under the Conflict of Interest Act and the Conflict of Interest Code for Members of the House of Commons / |w(CaOODSP)9.696055 |
| 856 | 40|ahttp://publications.gc.ca|qPDF|s675 Ko|uhttps://publications.gc.ca/collections/collection_2012/ccie-ciec/ET3-6-2010-fra.pdf |
| 986 | |a092010-22F |